|
|
|
|
| LEADER |
00891cas a2200157 a 4500 |
| 001 |
AALejournalEBSCORBN000181 |
| 008 |
230102c9999 xx r poo 0 0eng d |
| 040 |
|
|
|a BD-DhAAL
|c BD-DhAAL
|
| 245 |
0 |
0 |
|h [electronic resource]
|a New York Observer
|
| 300 |
|
|
|a 1 online resource
|
| 500 |
|
|
|a <strong>Off-Campus Access:</strong> Athens ID and Password Required
|
| 500 |
|
|
|a <strong>On-Campus Access:</strong> No User ID or Password Required
|
| 506 |
|
|
|a Electronic access restricted to authorized BRAC University faculty, staff and students
|
| 538 |
|
|
|a Mode of access: Internet
|
| 856 |
4 |
0 |
|z Full text available on EBSCOhost[May 2011-Aug 2014]
|u https://search.ebscohost.com/direct.asp?db=bwh&jid=New_York_Observer&scope=site
|
| 856 |
4 |
0 |
|z Off-campus access
|u https://go.openathens.net/redirector/bracu.ac.bd?url=https%3A%2F%2Fsearch.ebscohost.com%2Fdirect.asp%3Fdb%3Dbwh%26jid%3DNew_York_Observer%26scope%3Dsite
|